000 00690cam a22001935a 4500
001 L155511
008 120327s1813 xxk f 000 0 eng d
035 _a(Sirsi) u155511
041 0 _aeng
100 1 _aRobertson, George
_d1750?-1832
245 0 0 _aGeneral view of the agriculture of Kincardineshire, or the Mearns
_bdrawn up for the consideration of the Board of Agriculture and Internal Improvements
260 _aLondon
_bPrinted for Sherwood, Neely, and Jones
_c1813
300 _a477, 63 p. illus.
_c23 cm.
583 _aCondition reviewed
_c20120620
_lcondition level 1
651 4 _aScotland
_y1707-1998
690 _aRural
_96268
710 1 _aBoard of Agriculture
942 _n0
999 _c113622
_d113622